000 00520nam a2200181Ia 4500
003 GCL
008 140319s9999 xx 000 0 ara d
040 _aGCL /
_cGCL
082 0 4 _a415.1
_bا ت
100 1 _aامين عبدالله سالم
245 1 0 _aتجديد النحو ونظرة سواء /
_cامين عبدالله سالم
260 _a[S.N] :
_bمطبعة الامانة ،
_c1986
300 _a174 ص
490 _a
650 0 4 _aالنحو
650 0 4 _aاللغة العربية
942 _2ddc
_cBK
999 _c37212
_d37212